000 01021nam a2200277 a 4500
001 000041647
003 DO-SdBNP
005 20260321073643.0
008 131015s 2009 dr c 000 0 spa d
020 _a9789945002560
040 _aDO-SdBNP
_bspa
_cBNPHU
082 _aBNPHU PD 972.93053
_bB742p
245 0 0 _aJuan Bosch :
_bperfil humano /
_ccompilación, Flavia García.
260 _aSanto Domingo :
_bCorripio,
_c2009.
300 _a416 p. :
_bretr. ;
_c26 cm.
500 _aIncluye datos biografícos de la compiladora en la solapa de la cubierta
590 _aInventariado, 2021/MFF
600 1 0 _a Bosch, Juan,
_d1909-2001
_976555
650 1 4 _aPresidentes
_zRepública Dominicana
_vBiografías
_91288
650 1 4 _aAutores dominicanos
_ySiglo XX
_vBiografías
_938197
651 1 4 _aRepública Dominicana
_xHistoria
_y1930-1961
_91301
651 1 0 _aRepública Dominicana --
_xHistoria --
_y1961-
_96572
700 1 2 _aGarcía, Flavia,
_ecomp.
_968435
910 _aValidado. Control de calidad MFF
942 _2ddc
_cLBS1
999 _c41137
_d41137